000 00790nmc a2200313 a 4500
003 AR-BaBNM
005 20251128204957.0
008 011101s1995 ||||||||||||||000 | spa||
020 _a950-46-0257-6
040 _cAR-BaBNM
100 1 _aLabaké, Julio César
245 1 0 _aEs posible educar
260 _aBuenos Aires
_bSantillana
_c1995
300 0 _a314 p.
_btablas
490 0 _aAula XXI
504 _aBibliografía: 305-314
650 4 _aEDUCACION
650 4 _aFILOSOFIA DE LA EDUCACION
650 4 _aVALORES MORALES
650 4 _aRELACION FAMILIA-ESCUELA
650 4 _aRELACION PADRES-HIJOS
650 4 _aADOLESCENCIA
650 4 _aINTEGRACION SOCIAL
650 4 _aLIBERTAD
650 4 _aAUTORIDAD
653 0 _aPOSMODERNIDAD
942 _cBK
998 _csilvi
999 _c9557
_d9557